| 000 | 00505nam a2200097Ia 4500 | ||
|---|---|---|---|
| 008 | 170517s9999 xx 000 0 und d | ||
| 245 | _aStealing Africa | ||
| 300 |
_aZambia's copper resources have not made the country rich. Virtually all Zambia's copper mines are owned by corporations. In the last ten years, they've extracted copper worth _29 billion but Zambia is still ranked one of the twenty poorest... |
||
| 650 | _xBusiness and Economics. | ||
| 856 | _uhttp://topdocumentaryfilms.com/stealing-africa/ | ||
| 999 |
_c333298 _d333298 |
||